[Event "BdF-Smaragd 06 email"]
[Site "GER email"]
[Date "2015.06.25"]
[Round "?"]
[White "Matushkina, Lyudmyla"]
[Black "Kubikova, Hana"]
[Result "1/2-1/2"]
[WhiteElo "2205"]
[BlackElo "2152"]
[PlyCount "36"]
[EventDate "2015.??.??"]
[EventType "tourn (corr)"]
[EventRounds "12"]
[EventCountry "GER"]
[SourceTitle "Corr 2017"]
[Source "ChessBase"]
[SourceDate "2017.09.19"]
[SourceVersion "1"]
[SourceVersionDate "2017.09.19"]
[SourceQuality "1"]

1. d4 Nf6 2. c4 e6 3. Nf3 Bb4+ 4. Bd2 Qe7 5. e3 Bxd2+ 6. Nbxd2 d6 7. Bd3 e5 8. Qc2 0-0 9. 0-0 Re8 10. dxe5 dxe5 11. Ne4 Nbd7 12. Nfd2 g6 13. Rfd1 Nxe4 14. Nxe4 Nc5 15. Nxc5 Qxc5 16. Rd2 Be6 17. Rad1 Bg4 18. Be2 Bxe2 1/2-1/2